| 000 | 00824nam a2200121Ia 4500 | ||
|---|---|---|---|
| 008 | 220620s9999||||xx |||||||||||||| ||und|| | ||
| 245 | 0 |
_aDrawing Education – Worldwide! _bContinuities – Transfers – Mixtures |
|
| 546 | _aEnglish[eng] | ||
| 650 | _aArt History||Art Education||Drawing Education||World Art Studies||History of Drawing and Graphics||Kunstgeschichte||Kunsterziehung||Zeichenunterricht||World Art Studies||Geschichte des Zeichnens und der Grafik | ||
| 700 | _aNanobashvili, Nino||Teutenberg, Tobias | ||
| 856 | _uhttps://library.oapen.org/bitstream/20.500.12657/24815/1/457-68-85117-2-10-20190531.pdf||https://library.oapen.org/bitstream/20.500.12657/24815/1/457-68-85117-2-10-20190531.pdf||https://library.oapen.org/bitstream/20.500.12657/24815/1/457-68-85117-2-10-20190531.pdf | ||
| 942 | _cEB | ||
| 999 |
_c31260 _d31260 |
||